| 000 | 00677nam a2200205 a 4500 | ||
|---|---|---|---|
| 005 | 20230525063733.0 | ||
| 008 | 991125s1983 mx 000 0 spa u | ||
| 020 | _a9681814282 | ||
| 035 | _aUPN01000032379 | ||
| 049 | _aCG | ||
| 050 | 4 |
_aQA431 _bC3 v.1 |
|
| 245 | 0 | 0 |
_aIntroducción a los conceptos del cálculo / _cJosé Luis Abreu ... [et al]. |
| 260 |
_aMéxico : _bLimusa, _c1983. |
||
| 300 |
_a82 p. : _bil., gráfs. |
||
| 440 | 0 |
_aCálculo diferencial e integral; _vv.1 |
|
| 650 | 4 |
_aCALCULO DIFERENCIAL - _vPROBLEMAS, EJERCICIOS, ETC. _94581 |
|
| 650 | 2 |
_aCálculo integral _vProblemas, ejercicios, etc. _94611 |
|
| 700 | 1 |
_aAbreu, José Luis, _ecoaut. |
|
| 905 | _aLibro | ||
| 999 |
_c32379 _d32379 |
||